[Event "V Sunway Sitges Open 2018"]
[Site "Sitges"]
[Date "2018.12.15"]
[Round "2"]
[White "Tateo, Ida"]
[Black "Vadillo, Torre Ismael"]
[Result "1-0"]
[WhiteElo "1206"]
[BlackElo "1616"]
[Annotator "NA"]
[PlyCount "71"]
[EventDate "2018.12.14"]
[EventType "swiss"]
[EventCountry "ESP"]
[SourceTitle "playchess.com"]
[Source "ChessBase"]
[SourceQuality "1"]
[TimeControl "40/5400+30:1800+30"]

1. e4 {[%emt 0:04:29]} e5 {[%emt 0:00:00]} 2. Nf3 {[%emt 0:00:57]} Nc6 {[%emt 0:00:00]} 3. Bb5 {[%emt 0:00:21]} Nf6 {[%emt 0:01:00]} 4. O-O {[%emt 0:00:34]} d6 {[%emt 0:00:16]} 5. Re1 {[%emt 0:00:29]} Bd7 {[%emt 0:00:36]} 6. c3 {[%emt 0:02:11]} a6 {[%emt 0:01:17]} 7. Ba4 {[%emt 0:00:19]} Be7 {[%emt 0:00:57]} 8. d4 {[%emt 0:00:26]} b5 {[%emt 0:02:09]} 9. Bc2 {[%emt 0:00:22]} O-O {[%emt 0:01:07]} 10. d5 {[%emt 0:01:18]} Na7 {[%emt 0:00:31]} 11. Nbd2 {[%emt 0:03:06]} c6 {[%emt 0:00:20]} 12. Nf1 {[%emt 0:01:30]} h6 {[%emt 0:04:19]} 13. a4 {[%emt 0:03:48]} cxd5 {[%emt 0:09:48]} 14. exd5 {[%emt 0:02:18]} bxa4 {[%emt 0:01:32]} 15. Bxa4 {[%emt 0:00:49]} Qa5 {[%emt 0:00:48]} 16. c4 {[%emt 0:02:55]} e4 {[%emt 0:07:23]} 17. Bd2 {[%emt 0:07:27]} Bxa4 {[%emt 0:04:15]} 18. Rxa4 {[%emt 0:03:08]} Qc7 {[%emt 0:06:12]} 19. Nd4 {[%emt 0:05:49]} Rfb8 {[%emt 0:13:26]} 20. b3 {[%emt 0:02:09]} Qc5 {[%emt 0:13:02]} 21. Be3 {[%emt 0:06:02]} Qc8 {[%emt 0:00:41]} 22. Ng3 {[%emt 0:01:31]} Qb7 {[%emt 0:10:49]} 23. Ngf5 {[%emt 0:02:36]} Bf8 {[%emt 0:00:52]} 24. Bf4 {[%emt 0:04:06]} Rd8 {[%emt 0:01:09]} 25. Bd2 {[%emt 0:12:13]} Rd7 {[%emt 0:03:44]} 26. Re3 {[%emt 0:02:04]} Qb6 {[%emt 0:02:55]} 27. Bc3 {[%emt 0:01:43]} g6 {[%emt 0:02:27]} 28. Rg3 {[%emt 0:04:31]} Kh7 {[%emt 0:00:47]} 29. Ne3 {[%emt 0:01:40]} Nh5 {[%emt 0:01:55]} 30. Rg4 {[%emt 0:02:51]} f5 {[%emt 0:01:31]} 31. Rh4 {[%emt 0:01:07]} f4 {[%emt 0:03:09]} 32. Ng4 {[%emt 0:02:09]} Be7 {[%emt 0:01:03]} 33. Rh3 {[%emt 0:01:44]} Re8 {[%emt 0:01:11]} 34. Ne6 {[%emt 0:02:18]} Bg5 {[%emt 0:00:56]} 35. Nxg5+ {[%emt 0:04:45]} hxg5 {[%emt 0:01:44]} 36. Nf6+ {[%emt 0:00:22]} 1-0

[Event "V Sunway Sitges Open 2018"]
[Site "Sitges"]
[Date "2018.12.16"]
[Round "3"]
[White "Andreikin, Dmitry"]
[Black "Harutyunian, Tigran K."]
[Result "1-0"]
[WhiteElo "2719"]
[BlackElo "2528"]
[Annotator "TA"]
[PlyCount "49"]
[EventDate "2018.12.14"]
[EventType "swiss"]
[EventCountry "ESP"]
[SourceTitle "playchess.com"]
[Source "ChessBase"]
[SourceQuality "1"]

{[%evp 16,49,4,0,44,39,49,9,9,12,74,62,133,125,155,176,401,404,403,396,601,612,604,512,504,496,829,863,860,839,881,881,881,881,881,880]} 1. e4 e5 2. Nf3 Nc6 3. d4 exd4 4. Nxd4 Bc5 5. Be3 Qf6 6. c3 Nge7 7. Bb5 Bb6 {C45: Scotch Game} 8. O-O O-O 9. a4 {LiveBook: 15 Games} Bxd4 {The position is equal.} 10. cxd4 d5 11. Nc3 {[%cal Bb1c3,Bc3e4,Be4d6][%mdl 32]} dxe4 $146 ({Predecessor:} 11... Qg6 12. f3 Be6 13. Qd2 Rad8 14. Ne2 f6 15. Rac1 {½-½ (46) Ivanisevic,I (2611)-Malakhov,V (2691) Mali Losinj 2017}) 12. d5 Ne5 (12... a6 $11 {keeps the balance.}) 13. Nxe4 $16 Qh4 (13... Qg6 $14) 14. Re1 {And now Bg5 would win.} Ng4 {[#]} 15. Bf4 $1 $36 {[%mdl 2048] Strongly threatening f3. White is in control.} f5 $2 (15... c6) 16. Bg3 $18 Qh5 17. d6 cxd6 (17... Nc6 $142 18. Qd5+ {[%mdl 64] Double Attack} (18. dxc7 fxe4 19. Rxe4 Bf5 $14) 18... Qf7 19. Qxf7+ Kxf7 20. Ng5+ (20. dxc7 fxe4 21. Rxe4 Bf5 $14) 20... Kg6) 18. Nxd6 {White is clearly winning.} f4 19. Bc4+ Kh8 {[#]} 20. Nf7+ $1 {[%mdl 512]} Qxf7 (20... Kg8 $142) (20... Rxf7 21. Qd8+) 21. Bxf7 fxg3 22. hxg3 Nc6 23. Re8 {[%cal Re8f8]} Bf5 24. Rxa8 Rxa8 25. Qd5 {Accuracy: White = 94%, Black = 22%.} 1-0

[Event "V Sunway Sitges Open 2018"]
[Site "Sitges"]
[Date "2018.12.16"]
[Round "3"]
[White "Inarkiev, Ernesto"]
[Black "Alonso Rosell, Alvar"]
[Result "0-1"]
[WhiteElo "2693"]
[BlackElo "2524"]
[Annotator "TA"]
[PlyCount "100"]
[EventDate "2018.12.14"]
[EventType "swiss"]
[EventCountry "ESP"]
[SourceTitle "playchess.com"]
[Source "ChessBase"]
[SourceQuality "1"]

{[%evp 24,100,26,28,21,25,37,19,25,0,41,36,25,26,41,0,0,0,0,0,0,0,0,0,0,0,0,-30,-27,-45,-58,-49,-36,-31,-39,-48,-8,-16,0,0,0,0,0,0,0,-32,-24,-29,-22,-129,-117,-165,-158,-177,-185,-301,-339,-298,-295,-617,-663,-845,-736,-884,-870,-1684,-652,-858,-858,-858,-858,-858,-853,-815,-807,-1737,-1604,-1463,-1397]} 1. e4 e5 2. Nf3 Nc6 3. Bb5 a6 4. Ba4 d6 5. c3 Bd7 6. O-O g6 7. d4 Bg7 8. h3 Nf6 {C76: Ruy Lopez: Deferred Steinitz: 5 c3 Bd7 6 d4 g6} 9. Re1 O-O 10. Bc2 Re8 11. Nbd2 {[%cal Bb1d2,Bd2f1,Bf1g3][%mdl 32]} b5 12. Nf1 Na5 13. b3 {LiveBook: 4 Games} c5 14. d5 Nh5 15. Bg5 Qc7 16. Ng3 Nf4 17. Qd2 {[#]} Nb7 $146 ({Predecessor:} 17... c4) 18. Rac1 a5 19. Bxf4 (19. a3 {feels hotter.} b4 20. axb4 axb4 21. cxb4 cxb4 22. Bxf4 exf4 23. Qxf4 Nc5 24. Ne2) 19... exf4 20. Qxf4 Bxc3 21. e5 Bxe5 $1 22. Nxe5 dxe5 23. Qf6 Qd8 $1 {[%cal Rd8f6]} 24. Ne4 Bf5 25. Qxd8 Rexd8 26. Nf6+ {[%mdl 64] Discovered Attack} Kg7 {[#]} 27. Nh5+ $1 {[%mdl 512]} gxh5 28. Bxf5 Nd6 29. Bb1 c4 30. bxc4 bxc4 31. Rxe5 Rab8 32. Rxh5 Rb2 33. Rxh7+ Kg8 34. Rh5 Rdb8 35. Rg5+ Kh8 36. Bf5 (36. Bc2 $1 $11) 36... Rxa2 $17 37. Bd7 a4 {[%cal Ba5a4,Ba4a3][%mdl 1056] Black has strong compensation.} 38. Rd1 {[#] White wants to mate with Rd4.} Rg8 $1 {[%cal Rg8g5]} 39. Re5 (39. Rh5+ $142 Kg7 40. Rg5+ Kf8 41. Re5) 39... a3 $19 40. Re3 Rb8 41. Rg3 $2 (41. Kh2 Rb3 42. Ba4 Rxe3 43. fxe3) 41... Rb3 {Black is clearly winning.} 42. Rg5 {White threatens Rd4 and mate.} Rd3 43. Re1 Rad2 {Threatens to win with ...Rd1.} 44. Ra1 Rb3 (44... Rd1+ $142 45. Rxd1 Rxd1+ 46. Kh2 a2 47. Rh5+ Kg7) 45. Kh2 a2 46. Re5 Rb1 47. Re1 Rxe1 48. Rxe1 c3 {[%cal Bc4c3,Bc3c2][%mdl 32]} 49. Ra1 c2 50. Ba4 {[#]} Rd1 $1 {[%mdl 512] Accuracy: White = 42%, Black = 84%.} 0-1

[Event "V Sunway Sitges Open 2018"]
[Site "Sitges"]
[Date "2018.12.16"]
[Round "3"]
[White "Edouard, Romain"]
[Black "Dragnev, Valentin"]
[Result "1/2-1/2"]
[WhiteElo "2644"]
[BlackElo "2483"]
[Annotator "TA"]
[PlyCount "37"]
[EventDate "2018.12.14"]
[EventType "swiss"]
[EventCountry "ESP"]
[SourceTitle "playchess.com"]
[Source "ChessBase"]
[SourceQuality "1"]

{[%evp 23,37,12,21,5,10,2,10,-27,16,0,0,-3,2,-1,9,0]} 1. d4 Nf6 2. c4 e6 3. Nc3 Bb4 4. e3 O-O 5. Bd3 d5 6. Nf3 dxc4 7. Bxc4 c5 8. O-O cxd4 9. exd4 b6 10. Bg5 Bb7 11. Qe2 Bxc3 12. bxc3 Nbd7 {LiveBook: 190 Games} 13. Bb3 {E54: Nimzo-Indian: Rubinstein: Main Line: 7...dxc4 8 Bxc4} (13. Bd3 Qc7 14. c4 Ng4 15. Be4 Bxe4 16. Qxe4 Ngf6 17. Qd3 Rac8 18. Rfc1 Rfe8 19. Qb1 h6 20. Bxf6 Nxf6 21. a4 Red8 22. a5 bxa5 {½-½ (44) Korobov,A (2711)-Yu,Y (2749) Khanty-Mansiysk 2017}) 13... Qc7 14. c4 h6 {[#] aiming for ...Bxf3.} 15. Bc1 $146 ({Predecessor:} 15. Bh4 Qf4 16. Bg3 Bxf3 17. Qxf3 Qxf3 18. gxf3 Rfd8 19. Rad1 Rac8 20. Rfe1 Ne8 {½-½ (29) Makowski,T (2332)-Ramesh,R (2298) ICCF email 2016}) 15... Rfe8 (15... Ng4 $5 {[%cal Rb7f3]} 16. g3 Qc6 $11) 16. Nd2 {The position is equal.} e5 17. d5 b5 18. cxb5 Nxd5 19. Ne4 1/2-1/2

[Event "V Sunway Sitges Open 2018"]
[Site "Sitges"]
[Date "2018.12.16"]
[Round "3"]
[White "Adly, Ahmed"]
[Black "Pogonina, Natalija"]
[Result "1-0"]
[WhiteElo "2626"]
[BlackElo "2465"]
[Annotator "TA"]
[PlyCount "73"]
[EventDate "2018.12.14"]
[EventType "swiss"]
[EventCountry "ESP"]
[SourceTitle "playchess.com"]
[Source "ChessBase"]
[SourceQuality "1"]

{[%evp 16,73,7,22,18,17,17,0,0,-2,43,44,43,33,71,71,80,80,81,79,64,83,84,73,106,102,108,102,116,96,131,120,133,140,247,210,438,440,416,426,412,429,425,421,530,545,597,595,627,608,823,802,822,802,1114,1089,1193,1165,1835,1693]} 1. Nf3 d5 2. g3 c6 3. Bg2 Bg4 4. O-O Nf6 5. d3 Nbd7 6. Nbd2 e5 7. e4 Bd6 8. h3 Bh5 9. exd5 {LiveBook: 77 Games. A07: Réti Opening: New York and Capablanca Systems} (9. Qe1 O-O 10. Nh4 Re8 11. a4 Nc5 12. a5 a6 13. Kh1 Ne6 14. Nb3 Qc7 15. Be3 Bf8 16. f4 c5 17. fxe5 Qxe5 18. Rf5 Qxb2 19. e5 Bg6 20. exf6 Bxf5 21. Nxf5 Qxf6 22. Qf2 Qd8 23. Rf1 Qd7 24. Nxc5 Bd6 25. Nxd7 {1-0 (25) Le,Q (2715)-Dreev,A (2649) chess.com INT 2018}) 9... Nxd5 10. Nc4 Bc7 $146 ({Predecessor:} 10... Qc7 11. Nxd6+ Qxd6 12. d4 O-O-O 13. c4 Nf4 14. dxe5 Qxd1 15. Rxd1 Ne2+ 16. Kh2 Nxc1 17. Raxc1 Bxf3 18. Bxf3 {1-0 (18) Skeels,J (2334)-Volkov,N (2382) LSS email 2008}) 11. g4 {The position is equal.} Bg6 12. Re1 {[%cal Rc4e5]} O-O (12... f6 {is interesting.} 13. d4 O-O 14. dxe5 Nxe5 15. Nfxe5 fxe5 16. Nxe5 Qd6) 13. Ncxe5 Nxe5 14. Nxe5 Re8 15. Nxg6 fxg6 16. Rxe8+ Qxe8 17. Bxd5+ cxd5 18. Be3 Qf7 19. c3 h5 20. Qf1 Re8 21. Re1 ({Weaker is} 21. Bxa7 b6 $17) 21... Kh7 22. a3 a6 23. Qg2 b5 24. Kf1 Be5 (24... Re7 $16 {is a better defense.} 25. Bd4 Rxe1+ 26. Kxe1 Bf4) 25. Bc1 Re6 $2 (25... d4 26. gxh5 gxh5) 26. Qxd5 $18 Bg3 {[%csl Gg3][%cal Rf7f2] [#]} 27. Re2 Rf6 {[%cal Rf6f2]} 28. Qxf7 Rxf7 {[%mdl 4096] Endgame KRB-KRB. White is clearly winning.} 29. Kg2 Bh4 30. g5 Rf5 31. f4 Rd5 32. d4 {[%cal Bd3d4,Bd4d5][%mdl 32]} Rf5 33. b3 {[%cal Bb2b3,Bb3c4][%mdl 32]} Rd5 34. Re4 Rf5 35. c4 bxc4 36. bxc4 a5 37. d5 {Accuracy: White = 92%, Black = 32%.} 1-0

[Event "V Sunway Sitges Open 2018"]
[Site "Sitges"]
[Date "2018.12.16"]
[Round "3"]
[White "Lagarde, Maxime"]
[Black "Soumya, Swaminathan"]
[Result "1-0"]
[WhiteElo "2616"]
[BlackElo "2428"]
[Annotator "TA"]
[PlyCount "83"]
[EventDate "2018.12.14"]
[EventType "swiss"]
[EventCountry "ESP"]
[SourceTitle "playchess.com"]
[Source "ChessBase"]
[SourceQuality "1"]

{[%evp 21,83,14,20,25,22,14,56,55,50,43,30,26,33,0,64,61,39,39,36,36,45,43,82,85,85,83,76,81,71,57,64,62,84,82,80,79,89,74,89,65,65,62,110,140,110,124,124,121,102,86,156,179,131,159,161,151,273,237,253,232,297,254,532,512]} 1. e4 c5 2. Nf3 Nc6 3. d4 cxd4 4. Nxd4 Nf6 5. Nc3 d6 6. f3 e5 7. Nb3 Be7 8. Be3 O-O 9. Qd2 a5 10. Bb5 Na7 {B56: Classical Sicilian: Unusual Lines} (10... Be6 11. O-O-O Nb4 12. Kb1 d5 13. exd5 Nbxd5 14. Nxd5 Nxd5 15. Bc4 Nxe3 16. Qxe3 Qc8 17. Bxe6 Qxe6 18. Rhe1 a4 19. Nc5 Bxc5 20. Qxc5 {½-½ (94) Fressinet,L (2649)-Ponomariov,R (2681) Batumi 2018}) 11. Bxa7 Rxa7 {LiveBook: 5 Games} 12. a4 Be6 {White has an edge.} 13. O-O-O Ne8 $146 {aiming for ...Bg5.} ({Predecessor:} 13... Ra8 14. Kb1 Qc7 15. g4 Rfd8 16. g5 Nh5 17. Nd5 Bxd5 18. exd5 {½-½ (54) Mammadzada,G (2438)-Rogule,L (2268) Batumi 2018}) 14. Kb1 Nc7 15. Qd3 (15. Be2 {feels hotter.} Na6 16. f4 Ra8 17. Rhf1 Qc7 18. Nd5) 15... Nxb5 16. Nxb5 Ra6 17. c4 Qc8 (17... Qb6 $11) 18. Nd2 $14 {[%cal Bb3d2,Bd2f1,Bf1e3,Be3c2][%mdl 32]} Qc5 19. Rhe1 Rc6 20. b3 Bd8 21. Nf1 Bb6 22. Ne3 Qb4 {Hoping for ...Bxe3.} 23. Nc2 Qc5 24. Rd2 f5 25. Nc3 f4 26. Nb5 Rd8 27. Red1 Rd7 28. g3 g5 29. Qf1 Bd8 30. gxf4 gxf4 31. Ne1 Ra6 32. Nd3 Qc8 {[#]} 33. Nxe5 $1 {[%mdl 512]} dxe5 34. Rxd7 $1 Bxd7 35. Qd3 Rg6 (35... Be7 $142) 36. Qxd7 $16 Qxd7 37. Rxd7 {KRB-KRN} Rg1+ 38. Kc2 Bb6 {[#]} (38... Rg2+ $16 39. Kd3 Bb6) 39. b4 $1 $18 (39. Rxb7 Rg2+ 40. Kd1 Rg1+ 41. Kc2 Rg2+ 42. Kd1 Rg1+ 43. Kc2 $16) 39... axb4 40. Rxb7 Bc5 {[#]} 41. Rc7 $1 {[%cal Rc7c5]} Be3 $2 (41... Rg2+ {might work better.} 42. Kb3 Bf8) 42. c5 {Accuracy: White = 82%, Black = 52%.} 1-0

[Event "V Sunway Sitges Open 2018"]
[Site "Sitges"]
[Date "2018.12.16"]
[Round "3"]
[White "Romanov, Evgeny"]
[Black "Ahlander, Bjorn"]
[Result "1/2-1/2"]
[WhiteElo "2614"]
[BlackElo "2417"]
[Annotator "TA"]
[PlyCount "95"]
[EventDate "2018.12.14"]
[EventType "swiss"]
[EventCountry "ESP"]
[SourceTitle "playchess.com"]
[Source "ChessBase"]
[SourceQuality "1"]

{[%evp 9,95,0,0,0,0,0,13,7,6,0,16,15,12,9,30,24,54,35,62,25,27,32,45,42,45,47,42,28,47,36,38,27,39,36,40,26,47,42,52,52,47,36,80,20,14,14,78,9,4,0,6,6,8,0,0,0,0,-14,-14,-6,69,51,14,64,195,174,164,184,163,26,177,0,8,8,8,7,14,0,0,0,0,0,0,0,0,4,8,8]} 1. b3 e5 2. Bb2 Nc6 3. c4 g6 4. h4 (4. e3 Bg7 5. Nf3 d6 6. d4 Bd7 7. Nc3 Nh6 8. dxe5 dxe5 9. Be2 O-O 10. O-O e4 11. Nd2 f5 {1-0 (37) Brunello,S (2553)-Jussupow,A (2582) Katowice 2017}) 4... h5 5. g3 Bg7 6. Bg2 {A01: Nimzowitsch-Larsen Opening} d6 7. Nc3 Nf6 $146 ({Predecessor:} 7... Bg4 8. d3 Qd7 9. Nd5 Nh6 10. b4 O-O 11. b5 Nd8 {0-1 (45) Enkhtuul,A (2258)-Petrov,M (2453) Cesme 2016}) 8. Nf3 O-O 9. Ng5 Nd4 10. e3 Nf5 11. Ne2 Rb8 12. d4 Qe7 13. Qd2 exd4 14. Nxd4 (14. e4 $5 {[%cal Re4f5]}) 14... Nxd4 15. Bxd4 c5 16. Bc3 b5 17. cxb5 Rxb5 18. O-O Bb7 19. e4 Ng4 20. Bxg7 Kxg7 21. Rad1 Rb6 22. Rfe1 f6 23. Nh3 Rd8 24. Nf4 Rb4 25. Qc2 {aiming for e5.} (25. Bh3 {is more complex.} Re8 26. f3 Ne5 27. Qc3 a5 28. Ne6+) 25... Qf7 26. Nd5 (26. Bh3 $16) 26... Bxd5 $1 $11 27. Rxd5 Qe7 {[#]} (27... a5 $11) 28. Red1 (28. Qc3 $1 $16) 28... Ne5 29. Qd2 Nf7 30. f4 {[%cal Bf2f4,Bf4f5,Bf5g6][%mdl 32]} a5 $1 31. f5 a4 32. fxg6 Ne5 33. bxa4 Rxa4 34. Qe2 Ra3 (34... Kxg6 $11 35. Bf3 Rh8) 35. Qxh5 $14 {Intending Qh7+ and mate.} Rh8 36. Qf5 c4 (36... Rd8 $1 $14) 37. Rxd6 Rd3 {[#]} 38. R6xd3 $1 cxd3 39. h5 ({Better is} 39. Bh3 $18) 39... Qa7+ $2 (39... Qc5+ $1 $11 {and Black stays safe.} 40. Kh1 Qe3) 40. Qf2 $2 ({Only move:} 40. Kh2 $18) 40... Qxf2+ {The position is equal.} 41. Kxf2 {Threatens to win with Rh1.} Rxh5 $11 {[%mdl 4096] Endgame KRB-KRN} 42. a4 Rh8 43. a5 Rc8 44. Bf1 Rc2+ 45. Ke3 Ra2 46. Bxd3 Rxa5 47. Be2 Kxg6 48. Rd8 {Accuracy: White = 49%, Black = 41%.} 1/2-1/2

[Event "V Sunway Sitges Open 2018"]
[Site "Sitges"]
[Date "2018.12.16"]
[Round "3"]
[White "Peralta, Fernando"]
[Black "Raja, Rithvik R"]
[Result "1/2-1/2"]
[WhiteElo "2584"]
[BlackElo "2415"]
[Annotator "TA"]
[PlyCount "71"]
[EventDate "2018.12.14"]
[EventType "swiss"]
[EventCountry "ESP"]
[SourceTitle "playchess.com"]
[Source "ChessBase"]
[SourceQuality "1"]

{[%evp 16,71,10,0,5,0,17,17,17,20,31,41,39,33,44,44,42,28,44,29,44,42,44,42,58,57,48,48,65,12,18,12,10,16,81,76,89,43,47,4,0,0,53,41,41,45,44,45,40,16,21,0,39,0,26,16,31,0]} 1. d4 Nf6 2. c4 e6 3. Nc3 Bb4 4. e3 b6 5. Nge2 c5 6. a3 Ba5 7. Rb1 Qe7 8. Bd2 O-O 9. d5 {LiveBook: 5 Games. E42: Nimzo-Indian: Rubinstein: 4...c5 5 Ne2} (9. Ng3 cxd4 10. exd4 Bxc3 11. Bxc3 Nc6 12. Be2 {½-½ (12) Peralta,F (2587)-Ortiz Suarez,I (2564) Badalona 2016}) 9... Bxc3 10. Nxc3 exd5 11. cxd5 {The position is equal.} Ne4 12. Bd3 Nxd2 13. Qxd2 d6 14. O-O Ba6 15. Bxa6 Nxa6 16. e4 $146 ({Predecessor:} 16. b4 Rac8 {½-½ (60) Sjodahl,P (2425)-Zeier,K (2229) Helsingor 2015}) 16... Nb8 17. Rbe1 Nd7 18. f4 Rae8 19. Re3 g6 20. Rfe1 Qf6 21. g3 Qd4 22. Qf2 ({White should play} 22. Qe2 $14) 22... a6 $11 23. Rd1 Qg7 24. a4 Re7 (24... g5 $11 {remains equal.}) 25. Qe2 $16 Ra8 26. Kh1 f6 27. Nb1 Rae8 28. Nc3 (28. Qxa6 $11 Rxe4 29. Rxe4 Rxe4 30. Nc3) 28... Ra8 $1 $14 29. Re1 Qf8 30. Nb1 {[%cal Bc3b1,Bb1a3,Ba3c4][%mdl 32]} Qb8 31. Na3 Qb7 32. Nc4 Qc7 33. Na3 Qb7 $1 34. Nc4 Qc7 35. Nd2 Qb7 36. Nc4 {Accuracy: White = 58%, Black = 70%.} 1/2-1/2

[Event "V Sunway Sitges Open 2018"]
[Site "Sitges"]
[Date "2018.12.16"]
[Round "3"]
[White "Lopez Martinez, Josep Manuel"]
[Black "Arjun, Kalyan"]
[Result "1-0"]
[WhiteElo "2580"]
[BlackElo "2406"]
[Annotator "TA"]
[PlyCount "197"]
[EventDate "2018.12.14"]
[EventType "swiss"]
[EventCountry "ESP"]
[SourceTitle "playchess.com"]
[Source "ChessBase"]
[SourceQuality "1"]

{[%evp 43,197,54,56,17,33,29,34,35,34,28,37,14,28,43,102,66,66,66,66,66,66,65,65,65,65,64,56,57,81,77,77,49,70,0,17,13,17,0,60,52,54,54,54,54,70,63,68,52,73,61,64,17,17,4,17,17,17,17,17,0,0,0,0,0,8,8,8,0,46,54,54,0,0,0,0,0,10,2,2,2,2,6,88,54,52,52,127,127,326,154,154,154,154,127,154,88,154,154,154,154,154,165,183,181,295,204,446,564,1706,1665,308,564,1494,308,572,11815,10936,4440,9019,149,8822,149,5716,5151,29946,149,481,149,156,149,29960,149,156,149,29956,156,156,0,0,0,156,0,29953,29955,29951,29948,29957,29955,29959,29967,29965,29969,29965,29962,6079,2247]} 1. Nf3 d5 2. d4 Nf6 3. c4 c6 4. Nc3 e6 5. Bg5 dxc4 6. e4 b5 7. e5 h6 8. Bh4 g5 9. Nxg5 hxg5 10. Bxg5 Nbd7 11. exf6 Bb7 12. g3 Qb6 13. Bg2 O-O-O 14. O-O c5 15. d5 b4 16. Rb1 Qa6 17. dxe6 Bxg2 18. e7 Bxf1 19. Kxf1 {D44: Semi-Slav: Botvinnik System} (19. Qxf1 bxc3 20. bxc3 Bh6 21. Bxh6 Rxh6 22. Qg2 Rdh8 23. Qa8+ Kc7 24. e8=Q Rxe8 25. Qxe8 Rxf6 26. Qe4 Qc6 {0-1 (34) Lenic,L (2662)-Andreikin,D (2712) chess.com INT 2018}) 19... Bxe7 20. fxe7 Rdg8 21. Ne4 Rxg5 22. Nxg5 Re8 $1 {LiveBook: 9 Games} 23. Kg1 Qg6 $146 ({Predecessor:} 23... Rxe7 24. Qd5 f6 25. Ne4 Kc7 26. Nd2 Qxa2 {½-½ (50) Alexa,J (2343)-Zuev,K (2328) ICCF email 2015}) 24. h4 f6 25. Nf3 Rxe7 26. Rc1 Qd3 27. Kg2 Qxd1 (27... Re2 {with more complications.} 28. Qxd3 cxd3 29. b3 Rxa2 30. h5 Rc2) 28. Rxd1 $11 {[%mdl 4096] Endgame KRN-KRN} Re2 (28... Kc7 $14) 29. Nd2 c3 30. bxc3 bxc3 31. Nc4 Rxa2 32. Rc1 c2 33. h5 Kd8 $1 34. h6 {h7 is the strong threat.} Nf8 35. Ne3 Ke8 36. Nxc2 {Threatens to win with Ne3.} Kf7 37. Ne3 Kg6 38. Rh1 (38. Ng4 $14) 38... Rd2 39. g4 Rd7 40. f4 Rh7 (40... a5 $11) 41. Rh5 Rxh6 42. Rxc5 Rh7 43. Rc8 Rf7 44. Kf3 Kh7 45. Nd5 Ng6 46. Ke4 Kg7 $1 47. Ra8 Rb7 48. f5 Ne5 49. g5 Nd7 50. g6 Nb6 51. Re8 {White wants to mate with Nf4.} Nxd5 52. Kxd5 {KR-KR} Rb5+ 53. Ke4 {Black must now prevent Re7+.} Rb4+ 54. Kf3 {Strongly threatening Re7+.} Rb7 55. Ra8 Rb3+ 56. Ke4 Rb4+ 57. Kd3 (57. Ke3 $1 $14 Rb7 58. Ke4) 57... Rb7 58. Rd8 Re7 59. Rd5 Rc7 60. Kd4 Kh6 61. Rc5 Rd7+ 62. Kc4 Kg7 (62... a6 $11) 63. Rd5 Rc7+ 64. Kb5 Kh6 (64... Kh8 $14) 65. Rc5 $1 $16 {[%cal Rc5c7]} Re7 $2 (65... Rd7 $16 66. Kc6 Rd4) 66. Kc6 $18 Kg7 67. Kd6 $1 {[%cal Rd6e7]} Rb7 68. Ra5 Kf8 69. Ra6 ({White should try} 69. Ke6 $1 {[%cal Re6f6]} Kg7 70. Ra6) 69... Kg7 (69... Re7 $142) 70. Ke6 $1 $16 Rc7 71. Rd6 $1 Rb7 72. Rc6 a5 73. Ra6 a4 74. Rxa4 Rb6+ 75. Kd5 $1 {And now Ra7+ would win.} Rb5+ 76. Ke4 Re5+ 77. Kf4 Re7 78. Ra5 $2 (78. Ra6 Rd7 79. Ke4) 78... Kh6 $18 79. Ra8 Kg7 80. Rd8 (80. Rc8 $142 Rd7 81. Ke3) 80... Ra7 81. Ke4 $2 (81. Rc8 $18 Re7 82. Rc1) 81... Ra4+ $16 82. Rd4 Ra7 83. Rc4 $1 Rd7 84. Rc5 $2 (84. Rc6 Re7+ 85. Kd4 Rd7+ 86. Kc5 Rd8 87. Rd6 Re8 88. Kc6 Rc8+ 89. Kd5) 84... Kh6 85. Rd5 $2 (85. Rc3 $18 {and the rest is easy.} Re7+ 86. Kf4) 85... Re7+ 86. Kd4 Rc7 $2 {[%mdl 8192]} (86... Re1 $16 87. Kc5 Kg7 88. Rd7+ Kg8) 87. Rc5 $2 (87. Ra5 Rd7+ 88. Kc5 Rd8 89. Ra3 Re8 90. Ra5 Re5+ 91. Kb6 Re1 92. Kc7) 87... Rd7+ 88. Kc4 Kg5 $2 {[%mdl 8192]} (88... Rd1 $16 89. Rd5 Rc1+ 90. Kb5 Rf1) 89. Kb5 $2 (89. Rd5 $1 {mates} Rc7+ 90. Kb5 Rc2 91. Rc5 Rd2 92. Kc6 Kh6 93. Rd5 Rf2 94. Kd6) 89... Rd6 90. Rc8 $2 (90. Kb4 $16) 90... Rd7 $11 91. Rc5 $2 (91. Kc6 $11 Rg7 92. Rc7) 91... Rd6 $1 $16 92. Kc4 $2 (92. Kb4 $16) 92... Rd7 {[#]} 93. Rd5 $1 Rc7+ {[#]} 94. Kb5 $1 Ra7 95. Kb6 Ra1 96. Rd8 Kh6 97. Rf8 Rb1+ 98. Kc7 Rc1+ 99. Kd7 {Accuracy: White = 58%, Black = 61%.} 1-0